| 000 | 00878nam a22002531u 4500 | ||
|---|---|---|---|
| 001 | 05558 | ||
| 003 | HDC | ||
| 007 | cr bn ---aaaaa | ||
| 008 | 210120p9999 | d 00 engg | ||
| 040 | _aHDC | ||
| 100 |
_aNorasma Dacho, _eauthor _cHajjah _95826 |
||
| 245 | 0 |
_aMarketing And Export Of Marine-Based Food Products / by _cHajjah Norasma Dacho |
|
| 260 |
_a[no place] : _b[publisher not identified], _c[no year] |
||
| 300 | _a 1 online resource (29 pages) | ||
| 336 |
_atext _2rdacontent |
||
| 337 |
_acomputer _2rdamedia |
||
| 338 |
_aonline resource _2rdacarrier |
||
| 650 |
_afood products _92068 |
||
| 650 |
_aMarine-based _95827 |
||
| 856 | _zRequest full-text at [email protected] | ||
| 942 | _2lcc | ||
| 942 | _cAR | ||
| 942 | _kJART 001412 | ||
| 999 |
_c2882 _d2882 |
||